000
00342nam a2200145Ia 4500
008
150201s1985 xx 000 0 und d
082
_a
610
_b
M1985S
100
_a
SEARS, W GORDAN
245
_a
MEDICINE FOR NURSES
250
_a
13TH
260
_b
ARNOLD PUBLICATION
_a
DELHI
_c
1985
300
_a
1-600
650
_a
MEDICINE
942
_2
ddc
_c
BK
999
_c
4078
_d
4078